| 000 | 01027nac a22003131i 4500 | ||
|---|---|---|---|
| 003 | EG-ScBUE | ||
| 005 | 20250113091059.0 | ||
| 008 | 250113t2000 nyua f b 001 0 eng d | ||
| 020 | _a354066016X (alk. paper) | ||
| 020 | _a9783540660163 | ||
| 040 |
_aEG-ScBUE _beng _erda _cEG-ScBUE _dEG-ScBUE |
||
| 082 | 0 | 4 |
_a522.682 _bROH _222 |
| 100 | 1 |
_aRohlfs, K., _eauthor. |
|
| 245 | 1 | 0 |
_aTools of radio astronomy / _cK. Rohlfs, T.L. Wilson. |
| 250 | _aThird revised and English edition. | ||
| 264 | 1 |
_aNew York : _bSpringer, _c[2000] |
|
| 264 | 4 | _cc2000 | |
| 300 |
_axvi, 441 pages : _billustrations ; _c24 cm. |
||
| 336 |
_2rdacontent _atext _btxt |
||
| 337 |
_aunmediated _2rdamedia _bn |
||
| 338 |
_avolume _bnc _2rdacarrier |
||
| 490 | 0 | _aA&A library | |
| 504 | _aIncludes bibliographical references and index. | ||
| 650 | 7 |
_aRadio astronomy. _2BUEsh |
|
| 650 | 7 |
_aRadio astronomy _xInstruments. _2BUEsh |
|
| 655 | _vReading book | ||
| 700 | 1 |
_aWilson, T. L. _q(Thomas L.), _d1942- _eauthor. |
|
| 942 |
_cBB _2ddc |
||
| 999 |
_c911 _d911 |
||